| 000 | 00000nas 2200000zi 4500 |
| 001 | 9.900641 |
| 003 | CaOODSP |
| 005 | 20251201110357 |
| 006 | m o d f |
| 007 | cr cn||||||||| |
| 008 | 210610c20219999oncar p o f0###a0eng|d |
| 022 | |a2564-0526 |
| 040 | |aCaOODSP|beng|erda|cCaOODSP |
| 043 | |an-cn--- |
| 086 | 1 |aEm1-19E-PDF |
| 110 | 1 |aCanada. |bEmployment and Social Development Canada, |eauthor, |eissuing body. |
| 222 | 0|aDepartmental sustainable development strategy report |b(Canada. Employment and Social Development Canada) |
| 245 | 10|a... departmental sustainable development strategy report / |cEmployment and Social Development Canada. |
| 264 | 1|a[Ottawa] : |bEmployment and Social Development Canada = Emploi et Développement social Canada, |c2021- |
| 310 | |aAnnual |
| 336 | |atext|btxt|2rdacontent |
| 337 | |acomputer|bc|2rdamedia |
| 338 | |aonline resource|bcr|2rdacarrier |
| 362 | 1 |aBegan with 2020 to 2021. |
| 500 | |aIssued also in French under title: Rapport sur la stratégie ministérielle de développement durable de ... |
| 588 | |aDescription based on: 2020 to 2021. |
| 588 | |aLatest issue consulted: 2020 to 2021. |
| 610 | 10|aCanada. |bEmployment and Social Development Canada|vPeriodicals. |
| 650 | 0|aSustainable development|xGovernment policy|zCanada|vPeriodicals. |
| 655 | 7|aPeriodicals|2lcgft |
| 775 | 08|tRapport sur la stratégie ministérielle de développement durable de ...|w(CaOODSP)9.900647 |